Countries of 1945 by land area with a map - Statistics

General Stats
  • This quiz has been taken 31 times
  • The average score is 55 of 74
Answers on the Map
Answers color-coded by a green-red scale on the quiz's map according to % correct below.
 
Answer Stats
Km2 First letter Country % Correct
0.49 V/C Vatican City
100%
468 A Andorra
95%
160 L Liechtenstein
95%
2 M Monaco
95%
61 S/M San Marino
95%
2,586 L Luxembourg
91%
48,442 D/R Dominican Republic
86%
27,560 H Haiti
82%
51,100 C/R Costa Rica
77%
283,000 E Ecuador
77%
21,040 E/S El Salvador
77%
304,623 F Finland
77%
111,890 H Honduras
77%
301,300 I Italy
77%
103,415 N/Z New Zealand
77%
121,428 N Nicaragua
77%
304,282 N Norway
77%
238,397 R Romania
77%
183,630 S Syria
77%
175,015 U Uruguay
77%
331,211 V Vietnam
77%
652,200 A Afghanistan
73%
7,688,287 A Australia
73%
1,098,581 B Bolivia
73%
150,668 B Bulgaria
73%
9,093,507 C Canada
73%
756,102 C Chile
73%
1,138,910 C Colombia
73%
110,860 C Cuba
73%
127,876 C Czechoslovakia
73%
1,010,000 E Egypt
73%
1,100,000 E Ethiopia
73%
13,500,000 F France
73%
131,945 G Greece
73%
108,889 G Guatemala
73%
93,030 H Hungary
73%
1,904,569 I Indonesia
73%
1,648,000 I Iran
73%
438,317 I Iraq
73%
377,727 J Japan
73%
10,230 L Lebanon
73%
96,320 L Liberia
73%
1,730,000 M Mongolia
73%
140,800 N Nepal
73%
197,600 N Netherlands
73%
75,990 P Panama
73%
406,752 P Paraguay
73%
1,285,216 P Peru
73%
312,696 P Poland
73%
1,375,000 P Portugal
73%
1,221,037 S/A South Africa
73%
22,400,000 S/U Soviet Union
73%
567,000 T Thailand
73%
770,000 T Turkey
73%
13,700,000 U/K United Kingdom
73%
3,620,000 U/S United States
73%
882,050 V Venezuela
73%
455,503 Y Yemen
73%
247,542 Y Yugoslavia
73%
52,667 A Albania
68%
2,780,400 A Argentina
68%
2,430,730 B Belgium
68%
11,400,000 C China
68%
2,210,000 D Denmark
68%
103,000 I Iceland
68%
84,421 I Ireland
68%
1,964,375 M Mexico
68%
776,782 S Spain
68%
410,934 S Sweden
68%
41,285 S Switzerland
68%
1,221,600 T Tibet
68%
8,515,767 B Brazil
64%
2,150,000 S/A Saudi Arabia
64%
350,000 E/T East Turkestan
41%
No matching quizzes found
Score Distribution
Percent of People with Each Score
Percentile by Number Answered
Your Score History
You have not taken this quiz